[Event "ROM-chT2"]
[Site "Slanic Moldova"]
[Date "2017.10.01"]
[Round "2.1"]
[White "Tarlev, Konstantin"]
[Black "Barbu, Iulian"]
[Result "1-0"]
[WhiteElo "2559"]
[BlackElo "2218"]
[PlyCount "99"]
[EventDate "2017.09.30"]
[EventType "team-tourn"]
[EventRounds "9"]
[EventCountry "ROU"]
[SourceTitle "CBM 181 Extra"]
[Source "ChessBase"]
[SourceDate "2017.12.12"]
[SourceVersion "1"]
[SourceVersionDate "2017.12.12"]
[SourceQuality "1"]
[WhiteTeam "Techirghiol Victoria"]
[BlackTeam "Brasov CSU"]
[WhiteTeamCountry "ROU"]
[BlackTeamCountry "ROU"]

1. e4 e6 2. d4 d5 3. Nc3 Bb4 4. e5 c5 5. a3 Bxc3+ 6. bxc3 Nc6 7. Qg4 g6 8. Nf3 Qa5 9. Bd2 Qa4 10. Be2 Qxc2 11. dxc5 h6 12. Nd4 Qb2 13. Rd1 Qxa3 14. Nb5 Qa5 15. Qf4 Kf8 16. c4 Qd8 17. Nd6 Qe7 18. h4 b6 19. cxb6 axb6 20. cxd5 exd5 21. Nxc8 Rxc8 22. Rc1 Qe6 23. 0-0 Nge7 24. Bg4 Nf5 25. h5 Kg7 26. Rfe1 Ncd4 27. hxg6 fxg6 28. Bxf5 Nxf5 29. g4 Ne7 30. Qf6+ Qxf6 31. exf6+ Kxf6 32. Bc3+ Rxc3 33. Rxc3 Rh7 34. Rc7 Rf7 35. Rb1 Ng8 36. Rxb6+ Kg7 37. Rxf7+ Kxf7 38. f3 Nf6 39. Kf2 g5 40. Ke3 h5 41. gxh5 Nxh5 42. Kd4 Nf6 43. Rd6 Ke7 44. Ke5 Nd7+ 45. Kxd5 g4 46. Rxd7+ Kxd7 47. fxg4 Ke7 48. Ke5 Kf7 49. Kf5 Kg7 50. Kg5 1-0

[Event "ROM-chT2"]
[Site "Mamaia"]
[Date "2015.10.07"]
[Round "5.1"]
[White "Musat, Adrian"]
[Black "Barbu, Iulian"]
[Result "1/2-1/2"]
[WhiteElo "2405"]
[BlackElo "2217"]
[PlyCount "35"]
[EventDate "2015.10.03"]
[EventType "team-tourn"]
[EventRounds "9"]
[EventCountry "ROU"]
[SourceTitle "CBM 169 Extra"]
[Source "ChessBase"]
[SourceDate "2015.12.18"]
[SourceVersion "1"]
[SourceVersionDate "2015.12.18"]
[SourceQuality "1"]
[WhiteTeam "Craiova Oltenia"]
[BlackTeam "Brasov CSU"]
[WhiteTeamCountry "ROU"]
[BlackTeamCountry "ROU"]

1. d4 g6 2. e4 Bg7 3. c4 c6 4. Nc3 d5 5. exd5 cxd5 6. Nxd5 Be6 7. Qb3 Nc6 8. Nf3 Nxd4 9. Nxd4 Bxd4 10. Qxb7 Rb8 11. Nc7+ Kf8 12. Nxe6+ fxe6 13. Qf3+ Nf6 14. Be2 Bxb2 15. Bxb2 Rxb2 16. Qc3 Qb8 17. Bd3 Kf7 18. 0-0 1/2-1/2

[Event "BI-2015-P-0000"]
[Site "LSS email"]
[Date "2015.04.16"]
[Round "?"]
[White "Barbu, Iulian"]
[Black "Koehler, Josef"]
[Result "0-1"]
[WhiteElo "2221"]
[BlackElo "2145"]
[PlyCount "94"]
[EventDate "2015.04.22"]
[EventType "tourn (corr)"]
[EventRounds "10"]
[EventCountry "GER"]
[SourceTitle "Corr 2022"]
[Source "ChessBase"]
[SourceDate "2021.10.24"]
[SourceVersion "1"]
[SourceVersionDate "2021.10.24"]
[SourceQuality "1"]

1. e4 c6 2. d4 d5 3. Nc3 dxe4 4. Nxe4 Bf5 5. Ng3 Bg6 6. Nf3 Nd7 7. h4 h6 8. h5 Bh7 9. Bd3 Bxd3 10. Qxd3 e6 11. Bd2 Qc7 12. 0-0-0 Ngf6 13. Ne4 0-0-0 14. g3 Nxe4 15. Qxe4 Bd6 16. Kb1 Rhe8 17. c4 c5 18. Bc3 Nf6 19. Qe2 cxd4 20. Nxd4 a6 21. Rc1 Qc5 22. Ka1 Bc7 23. Nb3 Qc6 24. Bxf6 gxf6 25. Qe3 Rh8 26. Rhd1 Kb8 27. c5 Rxd1 28. Rxd1 f5 29. a3 e5 30. Qc3 Rg8 31. Qc4 Rg7 32. Rc1 f6 33. Qc2 Rg5 34. Qd1 f4 35. gxf4 exf4 36. Nd4 Qd5 37. c6 b5 38. a4 Rxh5 39. axb5 axb5 40. Ne6 Qxd1 41. Rxd1 Re5 42. Nxf4 b4 43. Rd4 b3 44. Nd3 Rb5 45. Rh4 h5 46. Kb1 Ba5 47. Nc1 Bb6 0-1

[Event "BI-2015-P-0000"]
[Site "LSS email"]
[Date "2015.04.16"]
[Round "?"]
[White "Barbu, Iulian"]
[Black "Roberts, Anthony"]
[Result "0-1"]
[WhiteElo "2221"]
[BlackElo "2306"]
[PlyCount "100"]
[EventDate "2015.04.22"]
[EventType "tourn (corr)"]
[EventRounds "10"]
[EventCountry "GER"]
[SourceTitle "Corr 2022"]
[Source "ChessBase"]
[SourceDate "2021.10.24"]
[SourceVersion "1"]
[SourceVersionDate "2021.10.24"]
[SourceQuality "1"]

1. e4 c5 2. Nf3 d6 3. d4 cxd4 4. Nxd4 Nf6 5. Nc3 a6 6. h3 e6 7. g4 Be7 8. g5 Nfd7 9. Be3 b5 10. a3 Bb7 11. h4 Nc6 12. Qd2 Rc8 13. Nxc6 Rxc6 14. 0-0-0 0-0 15. Kb1 Ne5 16. f4 Nc4 17. Bxc4 Rxc4 18. Bd4 e5 19. fxe5 dxe5 20. Bxe5 Qxd2 21. Rxd2 Bxe4 22. Re1 Bc6 23. Bd4 Rd8 24. Rxe7 Rcxd4 25. Rxd4 Rxd4 26. Ra7 Rxh4 27. Rxa6 Bf3 28. b4 Rf4 29. Rd6 h5 30. gxh6 g5 31. Nd5 Bxd5 32. Rxd5 g4 33. Rxb5 Rf6 34. a4 g3 35. Kb2 Rg6 36. Rd5 f5 37. a5 g2 38. Rd1 f4 39. b5 f3 40. a6 Rg5 41. c4 Kh7 42. a7 Rg8 43. b6 f2 44. b7 f1Q 45. b8Q Qf2+ 46. Kc3 Rg3+ 47. Qxg3 Qxg3+ 48. Kb4 Qf3 49. Ra1 Qb7+ 50. Kc3 Kxh6 0-1

[Event "BI-2015-P-0000"]
[Site "LSS email"]
[Date "2015.04.16"]
[Round "?"]
[White "Barbu, Iulian"]
[Black "Zholob, Anatolij"]
[Result "0-1"]
[WhiteElo "2221"]
[BlackElo "2110"]
[PlyCount "34"]
[EventDate "2015.04.22"]
[EventType "tourn (corr)"]
[EventRounds "10"]
[EventCountry "GER"]
[SourceTitle "Corr 2022"]
[Source "ChessBase"]
[SourceDate "2021.10.24"]
[SourceVersion "1"]
[SourceVersionDate "2021.10.24"]
[SourceQuality "1"]

1. e4 c5 2. Nf3 Nc6 3. d4 cxd4 4. Nxd4 Nf6 5. Nc3 e5 6. Ndb5 d6 7. Bg5 a6 8. Na3 b5 9. Nd5 Be7 10. Bxf6 Bxf6 11. c4 b4 12. Nc2 a5 13. Qf3 Be7 14. Rd1 0-0 15. c5 dxc5 16. Nf6+ Bxf6 17. Rxd8 Rxd8 0-1

[Event "BI-2015-P-0000"]
[Site "LSS email"]
[Date "2015.04.16"]
[Round "?"]
[White "Hughes, Chris"]
[Black "Barbu, Iulian"]
[Result "0-1"]
[WhiteElo "830"]
[BlackElo "2221"]
[PlyCount "66"]
[EventDate "2015.04.22"]
[EventType "tourn (corr)"]
[EventRounds "10"]
[EventCountry "GER"]
[SourceTitle "Corr 2022"]
[Source "ChessBase"]
[SourceDate "2021.10.24"]
[SourceVersion "1"]
[SourceVersionDate "2021.10.24"]
[SourceQuality "1"]

1. d4 Nf6 2. c4 e6 3. Nf3 b6 4. g3 Bb7 5. Bg2 Be7 6. 0-0 0-0 7. Nc3 Ne4 8. Bd2 Bf6 9. Rc1 c5 10. d5 exd5 11. cxd5 Nxd2 12. Nxd2 d6 13. Nde4 Be7 14. f4 Nd7 15. g4 a6 16. a4 h6 17. Qd2 b5 18. axb5 axb5 19. Nxb5 Nf6 20. Nxf6+ Bxf6 21. Nc3 Bc8 22. h3 Rb8 23. Rfe1 Bh4 24. Red1 Rb3 25. Ne4 f5 26. Nf2 Bxf2+ 27. Kxf2 fxg4 28. hxg4 Qh4+ 29. Kg1 Rg3 30. e3 Bxg4 31. Rf1 Rf5 32. Kf2 Rh5 33. Ke1 Rxe3# 0-1

[Event "BI-2015-P-0000"]
[Site "LSS email"]
[Date "2015.04.16"]
[Round "?"]
[White "Stolz, Stephan"]
[Black "Barbu, Iulian"]
[Result "1-0"]
[WhiteElo "2316"]
[BlackElo "2221"]
[PlyCount "39"]
[EventDate "2015.04.22"]
[EventType "tourn (corr)"]
[EventRounds "10"]
[EventCountry "GER"]
[SourceTitle "Corr 2022"]
[Source "ChessBase"]
[SourceDate "2021.10.24"]
[SourceVersion "1"]
[SourceVersionDate "2021.10.24"]
[SourceQuality "1"]

1. c4 Nf6 2. g3 e6 3. Bg2 d5 4. d4 Be7 5. Nf3 0-0 6. 0-0 dxc4 7. Ne5 Nc6 8. Bxc6 bxc6 9. Nxc6 Qd6 10. Qa4 Nd5 11. Nc3 Nb6 12. Nxe7+ Qxe7 13. Qa5 Rd8 14. Rd1 Bb7 15. e4 f5 16. Bf4 Qf6 17. Bxc7 Rf8 18. Bxb6 fxe4 19. Rd2 e3 20. fxe3 1-0

[Event "SA-2014-0-00431"]
[Site "LSS email"]
[Date "2014.09.13"]
[Round "?"]
[White "Kurpnieks, Vairis"]
[Black "Barbu, Iulian"]
[Result "1-0"]
[WhiteElo "2107"]
[BlackElo "2233"]
[PlyCount "80"]
[EventDate "2014.08.30"]
[EventType "tourn (corr)"]
[EventRounds "6"]
[EventCountry "GER"]
[SourceTitle "Corr 2022"]
[Source "ChessBase"]
[SourceDate "2021.10.24"]
[SourceVersion "1"]
[SourceVersionDate "2021.10.24"]
[SourceQuality "1"]

1. d4 Nf6 2. Nf3 e6 3. a3 b6 4. c4 Bb7 5. Nc3 d5 6. e3 Bd6 7. b4 a5 8. c5 axb4 9. Na4 bxc5 10. dxc5 Be7 11. axb4 0-0 12. Bb2 Ne4 13. Be2 Bf6 14. Bxf6 Qxf6 15. 0-0 h6 16. Qd4 Nd7 17. Qxf6 Ndxf6 18. Ne5 d4 19. exd4 Nd5 20. c6 Ba6 21. b5 Nec3 22. Nxc3 Nxc3 23. bxa6 Nxe2+ 24. Kh1 Nxd4 25. Rfb1 Ra7 26. Nd7 Rfa8 27. Nb8 f6 28. f4 Kf7 29. g3 Ke7 30. Rb7 e5 31. fxe5 fxe5 32. Rf1 Ne6 33. h4 Rxa6 34. Nxa6 Rxa6 35. Rb5 Kd6 36. Re1 Nc5 37. Rd1+ Kxc6 38. Rb4 g5 39. Rg4 Ne6 40. Rc4+ Nc5 1-0

[Event "RA-2014-0-00347"]
[Site "LSS email"]
[Date "2014.09.13"]
[Round "?"]
[White "Willmann, Bernd"]
[Black "Barbu, Iulian"]
[Result "1/2-1/2"]
[WhiteElo "2120"]
[BlackElo "2140"]
[PlyCount "111"]
[EventDate "2014.08.22"]
[EventType "tourn (corr)"]
[EventRounds "6"]
[EventCountry "GER"]
[SourceTitle "Corr 2015"]
[Source "ChessBase"]
[SourceDate "2015.07.17"]
[SourceVersion "1"]
[SourceVersionDate "2015.07.17"]
[SourceQuality "1"]

1. d4 Nf6 2. c4 e6 3. Nc3 Bb4 4. e3 b6 5. Bd3 Bb7 6. Nf3 0-0 7. 0-0 Bxc3 8. bxc3 d6 9. Nd2 e5 10. e4 Nc6 11. Nb3 Ne7 12. Qc2 Ng6 13. f3 a5 14. Be3 Qd7 15. Rab1 Ba6 16. g3 h6 17. Qe2 Rae8 18. Rfd1 Qa4 19. Rb2 Nd7 20. Nc1 exd4 21. cxd4 f5 22. Bc2 Qc6 23. d5 Qb7 24. f4 Nf6 25. exf5 Ne7 26. Bd3 Bxc4 27. Bxc4 Nxf5 28. Rd3 Re4 29. g4 Nxg4 30. Qxg4 Nxe3 31. Rxe3 Rxe3 32. Re2 Ree8 33. Bb5 Rxe2 34. Qxe2 Qa8 35. Qe6+ Kh8 36. Ne2 Rf6 37. Qe4 Qg8 38. Nd4 Qf7 39. Ne6 c6 40. Bxc6 Qh5 41. Ba4 Qg4+ 42. Qg2 Qxg2+ 43. Kxg2 Kg8 44. Kf3 g5 45. Bc2 Kf7 46. a4 Ke7 47. Bd3 gxf4 48. h4 Rf7 49. Nd4 Kf6 50. Kxf4 Rf8 51. Bf5 Rg8 52. Bg4 h5 53. Bxh5 Rh8 54. Bg4 Rxh4 55. Nf5 Rh1 56. Nxd6 1/2-1/2

[Event "OP-2014-0-03454"]
[Site "LSS email"]
[Date "2014.07.31"]
[Round "?"]
[White "Newton, Daryl"]
[Black "Barbu, Iulian"]
[Result "0-1"]
[WhiteElo "441"]
[BlackElo "2223"]
[PlyCount "68"]
[EventDate "2014.07.27"]
[EventType "tourn (corr)"]
[EventRounds "4"]
[EventCountry "GER"]
[SourceTitle "Corr 2022"]
[Source "ChessBase"]
[SourceDate "2021.10.24"]
[SourceVersion "1"]
[SourceVersionDate "2021.10.24"]
[SourceQuality "1"]

1. e4 e6 2. e5 d6 3. d4 dxe5 4. Nf3 exd4 5. c3 dxc3 6. Nxc3 Qxd1+ 7. Nxd1 Nf6 8. Ne5 Nbd7 9. Be2 Nxe5 10. Bf4 Bd6 11. Nc3 Nd5 12. 0-0 Nxf4 13. Rfe1 Ned3 14. Bxd3 Nxd3 15. Re3 Nxb2 16. Rc1 Bf4 17. Rce1 Bxe3 18. Rxe3 Bd7 19. Nd5 0-0-0 20. Nb4 a5 21. Nc2 Ba4 22. Ne1 Rd1 23. h3 Nd3 24. Rxd3 Rxe1+ 25. Kh2 Rd8 26. Rf3 f5 27. Rg3 g6 28. h4 Rd4 29. h5 Rh4+ 30. Rh3 Rxh3+ 31. Kxh3 g5 32. g3 Bc6 33. g4 f4 34. a3 Rh1# 0-1

[Event "RM-2014-0-00141"]
[Site "LSS email"]
[Date "2014.07.01"]
[Round "?"]
[White "Szabo, Mihaly"]
[Black "Barbu, Iulian"]
[Result "1-0"]
[WhiteElo "2254"]
[BlackElo "2140"]
[PlyCount "111"]
[EventDate "2014.04.17"]
[EventType "tourn (corr)"]
[EventRounds "6"]
[EventCountry "GER"]
[SourceTitle "Corr 2015"]
[Source "ChessBase"]
[SourceDate "2015.07.17"]
[SourceVersion "1"]
[SourceVersionDate "2015.07.17"]
[SourceQuality "1"]

1. e4 e5 2. Nf3 Nc6 3. Bb5 a6 4. Ba4 Nf6 5. 0-0 Be7 6. Re1 b5 7. Bb3 0-0 8. c3 d6 9. h3 Nb8 10. d4 Nbd7 11. c4 c6 12. Nc3 b4 13. Na4 c5 14. d5 Ne8 15. Bc2 g6 16. Bh6 Ng7 17. Qd2 Kh8 18. a3 a5 19. b3 Nf6 20. Red1 Ra6 21. Nb2 Ng8 22. Be3 f5 23. axb4 cxb4 24. Qe2 Nf6 25. exf5 Nxf5 26. Bc1 Nd7 27. Na4 Bf6 28. Ra2 Ra8 29. Be4 Nb6 30. Nb2 Nd7 31. Nd3 Bb7 32. Re1 Kg8 33. Qd1 Rf7 34. g3 Rg7 35. h4 Qc8 36. h5 Bd8 37. h6 Rf7 38. g4 Ra6 39. gxf5 gxf5 40. Nd2 fxe4 41. Nxe4 Nf6 42. Ng5 Qf5 43. Nxf7 Kxf7 44. Re3 e4 45. Ne1 Bc8 46. Rg3 Nh5 47. Rg2 Kf8 48. Re2 a4 49. Nc2 a3 50. Nd4 Qe5 51. Nc6 Rxc6 52. dxc6 Nf6 53. Qe1 Bg4 54. Ra2 e3 55. Qxe3 Qxe3 56. Bxe3 1-0

[Event "RM-2014-0-00141"]
[Site "LSS email"]
[Date "2014.06.29"]
[Round "?"]
[White "Barbu, Iulian"]
[Black "Steinke, Ruediger"]
[Result "1/2-1/2"]
[WhiteElo "2140"]
[BlackElo "2217"]
[PlyCount "50"]
[EventDate "2014.04.17"]
[EventType "tourn (corr)"]
[EventRounds "6"]
[EventCountry "GER"]
[SourceTitle "Corr 2015"]
[Source "ChessBase"]
[SourceDate "2015.07.17"]
[SourceVersion "1"]
[SourceVersionDate "2015.07.17"]
[SourceQuality "1"]

1. e4 e6 2. d4 d5 3. Nd2 c5 4. Ngf3 cxd4 5. exd5 Qxd5 6. Bc4 Qd6 7. 0-0 Nf6 8. Nb3 Nc6 9. Nbxd4 Nxd4 10. Nxd4 a6 11. Re1 Qc7 12. Bf1 Bd6 13. Nf5 Bxh2+ 14. Kh1 Kf8 15. Qd4 exf5 16. Qxf6 h6 17. Qd4 Bd6 18. Bc4 Be6 19. Bxe6 Re8 20. Qd5 Qe7 21. Qxf5 Qh4+ 22. Kg1 Qh2+ 23. Kf1 Qh1+ 24. Ke2 Rxe6+ 25. Qxe6 Qxe1+ 1/2-1/2

[Event "OP-2014-0-03427"]
[Site "LSS email"]
[Date "2014.06.29"]
[Round "?"]
[White "Dlugolecki, Grzegorz"]
[Black "Barbu, Iulian"]
[Result "0-1"]
[WhiteElo "1530"]
[BlackElo "2140"]
[PlyCount "152"]
[EventDate "2014.06.21"]
[EventType "tourn (corr)"]
[EventRounds "4"]
[EventCountry "GER"]
[SourceTitle "Corr 2015"]
[Source "ChessBase"]
[SourceDate "2015.07.17"]
[SourceVersion "1"]
[SourceVersionDate "2015.07.17"]
[SourceQuality "1"]

1. e4 e5 2. Nf3 Nc6 3. Bb5 a6 4. Ba4 Nf6 5. 0-0 Be7 6. Re1 b5 7. Bb3 0-0 8. h3 Bc5 9. c3 d6 10. d4 Bb6 11. a4 Bb7 12. d5 Na5 13. Ba2 c5 14. b4 Nc4 15. Qe2 cxb4 16. Bxc4 bxc4 17. cxb4 Rc8 18. Bg5 h6 19. Bxf6 Qxf6 20. Na3 c3 21. Nc4 Qd8 22. Rac1 f5 23. exf5 Rxf5 24. Rxc3 Rf4 25. a5 Ba7 26. Qd3 Qf6 27. Rc2 Rf8 28. Re4 Qg6 29. Ncd2 Rc8 30. Rcc4 Rff8 31. Qc3 Rxc4 32. Rxc4 Bb8 33. Nf1 Bxd5 34. Rc8 Bb7 35. Rxf8+ Kxf8 36. Qe3 Qe4 37. Qb6 Qc6 38. Qd8+ Qe8 39. Qb6 Qc8 40. Nh4 Bc7 41. Qa7 Kf7 42. Qe3 Bd8 43. Nf3 Bf6 44. Qb3+ d5 45. N3d2 Qe6 46. b5 axb5 47. Qxb5 Qc6 48. Qb3 Kg6 49. Qb1+ e4 50. Nb3 Kf7 51. Qd1 g6 52. Ne3 h5 53. g4 h4 54. Nd4 Qc5 55. Ne2 Qxa5 56. Nf4 Qa1 57. Qxa1 Bxa1 58. Nfxd5 Bd4 59. Nb4 Ke6 60. Ng2 Bc5 61. Na2 g5 62. Nc3 Ke5 63. Ne3 Kd4 64. Na4 Ba7 65. Nb2 Ba6 66. Ned1 Be2 67. Kg2 Kc5 68. Nc3 Bf3+ 69. Kg1 Kb4 70. Nbd1 Kc4 71. Kf1 Bd4 72. Ne2 Bc5 73. Ke1 Bb4+ 74. Kf1 Bd2 75. Nb2+ Kb3 76. Nd1 Kc2 0-1

[Event "RM-2014-0-00141"]
[Site "LSS email"]
[Date "2014.06.29"]
[Round "?"]
[White "Salzmann, Stefan"]
[Black "Barbu, Iulian"]
[Result "1-0"]
[WhiteElo "2103"]
[BlackElo "2140"]
[PlyCount "99"]
[EventDate "2014.04.17"]
[EventType "tourn (corr)"]
[EventRounds "6"]
[EventCountry "GER"]
[SourceTitle "Corr 2015"]
[Source "ChessBase"]
[SourceDate "2015.07.17"]
[SourceVersion "1"]
[SourceVersionDate "2015.07.17"]
[SourceQuality "1"]

1. d4 Nf6 2. Nf3 e6 3. c4 c5 4. d5 exd5 5. cxd5 d6 6. Nc3 g6 7. Bf4 a6 8. a4 Bg7 9. h3 0-0 10. e3 Ne8 11. Be2 Nd7 12. 0-0 Qe7 13. Nd2 Ne5 14. a5 Rb8 15. Qb3 Nc7 16. Rfd1 Bd7 17. Re1 g5 18. Bh2 f5 19. Rad1 Na8 20. Qc2 g4 21. hxg4 fxg4 22. Bd3 h5 23. Ne2 b5 24. Bh7+ Kh8 25. Ne4 h4 26. Nf4 c4 27. Ng6+ Nxg6 28. Bxg6 Be5 29. Bf4 Rg8 30. Ng5 Rg7 31. Nf7+ Rxf7 32. Bxe5+ dxe5 33. d6 Qf6 34. Bxf7 Qxf7 35. Qe4 Re8 36. f4 Qh7 37. Qd5 h3 38. Rf1 hxg2 39. Qxg2 g3 40. Rd2 b4 41. Qd5 c3 42. bxc3 bxc3 43. Rg2 Qg8 44. Qc5 Bh3 45. d7 Bxd7 46. Rf3 Qh7 47. Rgxg3 Bf5 48. Qxc3 Qc7 49. Qd2 Qd7 50. Qh2+ 1-0

[Event "OP-2014-0-03427"]
[Site "LSS email"]
[Date "2014.06.28"]
[Round "?"]
[White "Jordaan, Wayne"]
[Black "Barbu, Iulian"]
[Result "0-1"]
[WhiteElo "1473"]
[BlackElo "2140"]
[PlyCount "68"]
[EventDate "2014.06.21"]
[EventType "tourn (corr)"]
[EventRounds "4"]
[EventCountry "GER"]
[SourceTitle "Corr 2015"]
[Source "ChessBase"]
[SourceDate "2015.07.17"]
[SourceVersion "1"]
[SourceVersionDate "2015.07.17"]
[SourceQuality "1"]

1. d4 Nf6 2. c4 e6 3. Nc3 Bb4 4. Qc2 0-0 5. a3 Bxc3+ 6. Qxc3 d5 7. Nf3 dxc4 8. Qxc4 b6 9. Bf4 Ba6 10. Qc2 Nbd7 11. b4 Rc8 12. Qa4 Bb7 13. e3 Nd5 14. Bg3 c5 15. Bd6 Nc3 16. Qxa7 Bxf3 17. gxf3 cxd4 18. Ba6 dxe3 19. 0-0 e2 20. Rfe1 Rc6 21. Bxf8 Nxf8 22. Bxe2 Qg5+ 23. Kh1 Nxe2 24. Rxe2 Qf6 25. Rae1 Qxf3+ 26. Kg1 e5 27. Re3 Rg6+ 28. Kf1 Qg2+ 29. Ke2 Rf6 30. Kd3 Qd5+ 31. Kc3 Rc6+ 32. Kb2 Qd2+ 33. Kb1 Qc2+ 34. Ka1 Rd6 0-1

[Event "ROM-chTA"]
[Site "Olanesti"]
[Date "2012.10.12"]
[Round "7.3"]
[White "Barbu, Iulian"]
[Black "Daianu, Cristian Clement"]
[Result "0-1"]
[WhiteElo "2244"]
[BlackElo "2288"]
[PlyCount "68"]
[EventDate "2012.10.06"]
[EventType "team-tourn"]
[EventRounds "9"]
[EventCountry "ROU"]
[SourceTitle "CBM 150 Extra"]
[Source "ChessBase"]
[SourceDate "2012.10.19"]
[SourceVersion "1"]
[SourceVersionDate "2012.10.19"]
[SourceQuality "1"]
[WhiteTeam "Cugir CSO"]
[BlackTeam "Otopeni"]
[WhiteTeamCountry "ROU"]
[BlackTeamCountry "ROU"]

1. e4 c5 2. Nf3 d6 3. c3 Nf6 4. Bc4 e6 5. Qe2 Be7 6. Bb3 0-0 7. 0-0 Nc6 8. d4 cxd4 9. cxd4 d5 10. e5 Ne4 11. Nbd2 b6 12. Nxe4 dxe4 13. Qxe4 Bb7 14. Qg4 Kh8 15. Bc2 Nb4 16. Be4 Bxe4 17. Qxe4 Rc8 18. Bd2 Nd5 19. Rac1 Qd7 20. Rxc8 Rxc8 21. Qb1 h6 22. Rc1 Rxc1+ 23. Qxc1 Qa4 24. a3 a5 25. g3 Kh7 26. Be3 b5 27. Ne1 b4 28. axb4 Qxb4 29. Qd2 Nxe3 30. Qxe3 Qxb2 31. Kg2 a4 32. Qf3 a3 33. Qxf7 a2 34. Qxe6 Qb7+ 0-1

[Event "ROM-chTA"]
[Site "Olanesti"]
[Date "2012.10.08"]
[Round "3.3"]
[White "Barbu, Iulian"]
[Black "Posedaru, Bogdan Stefan"]
[Result "1/2-1/2"]
[WhiteElo "2244"]
[BlackElo "2318"]
[PlyCount "35"]
[EventDate "2012.10.06"]
[EventType "team-tourn"]
[EventRounds "9"]
[EventCountry "ROU"]
[SourceTitle "CBM 150 Extra"]
[Source "ChessBase"]
[SourceDate "2012.10.19"]
[SourceVersion "1"]
[SourceVersionDate "2012.10.19"]
[SourceQuality "1"]
[WhiteTeam "Cugir CSO"]
[BlackTeam "Ploiesti"]
[WhiteTeamCountry "ROU"]
[BlackTeamCountry "ROU"]

1. e4 c5 2. Nf3 Nc6 3. Bc4 d6 4. 0-0 Nf6 5. Re1 g6 6. c3 Bg7 7. Bb3 0-0 8. h3 b5 9. d4 e5 10. Be3 exd4 11. cxd4 c4 12. Bc2 Nb4 13. a4 Bb7 14. d5 Nd7 15. Bd4 a6 16. Na3 Nxc2 17. Qxc2 Bxd4 18. Nxd4 1/2-1/2

[Event "ROM-ch"]
[Site "Baile Tusnad"]
[Date "2005.12.01"]
[Round "6"]
[White "Barbu, Iulian"]
[Black "Anton, Teodor"]
[Result "1/2-1/2"]
[WhiteElo "2265"]
[BlackElo "2120"]
[PlyCount "61"]
[EventDate "2005.11.26"]
[EventType "swiss"]
[EventRounds "11"]
[EventCountry "ROU"]
[SourceTitle "EXT 2007"]
[Source "ChessBase"]
[SourceDate "2006.11.23"]
[SourceVersion "1"]
[SourceVersionDate "2006.11.23"]
[SourceQuality "1"]

1. e4 e5 2. Nf3 Nf6 3. Nxe5 d6 4. Nf3 Nxe4 5. Nc3 Nxc3 6. dxc3 Be7 7. Be3 0-0 8. Qd2 Nd7 9. 0-0-0 Nc5 10. Nd4 Be6 11. Nxe6 Nxe6 12. f4 Re8 13. g4 h6 14. h4 Bxh4 15. Qh2 g5 16. f5 Nf8 17. Bf2 Re4 18. Bxh4 gxh4 19. Qxh4 Qg5+ 20. Qxg5+ hxg5 21. Bd3 Rxg4 22. f6 Rh4 23. Rxh4 gxh4 24. Rg1+ Ng6 25. Bxg6 fxg6 26. Rxg6+ Kf7 27. Rh6 Rg8 28. Rxh4 Kxf6 29. Rh7 Rg7 30. Rh8 Ke5 31. b3 1/2-1/2

[Event "ROM-ch"]
[Site "Brasov"]
[Date "2004.11.20"]
[Round "1"]
[White "Vajda, Albert"]
[Black "Barbu, Iulian"]
[Result "1-0"]
[WhiteElo "2423"]
[BlackElo "2235"]
[PlyCount "71"]
[EventDate "2004.11.20"]
[EventType "k.o."]
[EventRounds "5"]
[EventCountry "ROU"]
[SourceTitle "EXT 2006"]
[Source "ChessBase"]
[SourceDate "2005.11.24"]
[SourceVersion "1"]
[SourceVersionDate "2005.11.24"]
[SourceQuality "1"]

1. Nf3 b5 2. e4 Bb7 3. Bxb5 Bxe4 4. d4 e6 5. 0-0 Nf6 6. c4 Be7 7. Nc3 Bb7 8. Ba4 0-0 9. a3 d6 10. Re1 Nbd7 11. Bc2 Re8 12. Rb1 Bf8 13. b4 g6 14. Ba4 Bg7 15. c5 Nd5 16. Na2 c6 17. Bg5 Qc7 18. Bb3 e5 19. Rc1 h6 20. Bh4 dxc5 21. dxc5 Ne7 22. Nc3 Nf5 23. Ne4 a5 24. Qc2 Ba6 25. Ng3 Nxh4 26. Nxh4 axb4 27. Qxg6 Nf8 28. Qg4 Kh8 29. Nh5 Ne6 30. axb4 Bd3 31. Re3 Bh7 32. Bxe6 fxe6 33. Ng6+ Bxg6 34. Qxg6 Rab8 35. Rh3 Rxb4 36. Qxe8+ 1-0